| 000 | 01092namaa22003131i 4500 | ||
|---|---|---|---|
| 003 | EG-GICUC | ||
| 005 | 20260226115911.0 | ||
| 008 | 260226s1974 ua ||||jr|||| 000 0 ara d | ||
| 017 |
_a1974 / 4426 _bدار الكتب والوثائق القومية (مصر) |
||
| 040 |
_aEG-GiCUC _bara _cEG-GiCUC _dEG-GiCUC _erda |
||
| 082 | 0 | 4 |
_221 _a410 _bM273L |
| 092 | 0 | 4 |
_221 _a410 _bM273L |
| 099 | _a410 M273L | ||
| 100 | 1 |
_aمندور، مصطفى. _eمؤلف. |
|
| 245 | 1 | 2 |
_aاللغة والحضارة / _cمصطفى مندور. |
| 264 |
_aالاسكندرية : _bمنشأة المعارف، _c1974. |
||
| 300 |
_a222 ؛ صفحة _c24 سم. |
||
| 336 |
_2rdacontent _atext |
||
| 337 |
_2rdamedia _aUnmediated |
||
| 338 |
_2rdacarrier _avolume |
||
| 490 | _aالكتب اللغوية | ||
| 504 | _aيشتمل على ارجاعات الببليوجرافية. | ||
| 541 |
_aد . جابر عصفور ؛ _bالقاهرة ؛ _cإهداء ؛ _d2024. |
||
| 650 | 1 | 7 |
_aاللغة _2qrmak |
| 650 | 1 | 7 |
_aاللغة، علم _2qrmak |
| 651 | 1 | _2qrmak | |
| 905 | _aNoha | ||
| 942 |
_2ddc _cBK _e21 _n0 |
||
| 999 |
_c178757 _d178757 |
||